PFI pack to speed up process (Record no. 118365)

MARC details
000 -LEADER
fixed length control field 01184cam a2200229 4500
001 - CONTROL NUMBER
control field WB@3612-333
008 - FIXED-LENGTH DATA ELEMENTS--GENERAL INFORMATION
fixed length control field 041124n2004 000 0 eng u
035 ## - SYSTEM CONTROL NUMBER
System control number (Sirsi) u128108
245 ## - TITLE STATEMENT
Title PFI pack to speed up process
260 ## - PUBLICATION, DISTRIBUTION, ETC.
Date of publication, distribution, etc. 2004
490 ## - SERIES STATEMENT
Series statement ODPM News Release
Volume/sequential designation (2004/0284) 24 November 2004 (2)
520 ## - SUMMARY, ETC.
Summary, etc. The Housing Private Finance Initiative (PFI) Procurement Pack has been launched by the government. The aim is for it to help simplify the process of agreeing contracts and therefore speed up delivery of decent and affordable homes. PFI is a key component of the government's Decent Home programme, as well as in the provision of affordable housing for rent. £1.22bn has already been dedicated to the Housing PFI programme over the next three years. The pack has been jointly developed by the ODPM and 4ps. For more information go to the website. http://www.odpm.gov.uk/pns/displaypn.cgi?pn_id=200 4_0284
590 ## - LOCAL NOTE (RLIN)
Local note WB
590 ## - LOCAL NOTE (RLIN)
Local note WB
650 ## - SUBJECT ADDED ENTRY--TOPICAL TERM
Topical term or geographic name entry element PROCUREMENT CONTRACTS
650 ## - SUBJECT ADDED ENTRY--TOPICAL TERM
Topical term or geographic name entry element PFI CONTRACTS
650 ## - SUBJECT ADDED ENTRY--TOPICAL TERM
Topical term or geographic name entry element PUBLIC SERVICES
650 ## - SUBJECT ADDED ENTRY--TOPICAL TERM
Topical term or geographic name entry element PUBLIC PROCUREMENT
650 ## - SUBJECT ADDED ENTRY--TOPICAL TERM
Topical term or geographic name entry element PUBLIC PRIVATE PARTNERSHIPS
690 ## - LOCAL SUBJECT ADDED ENTRY--TOPICAL TERM (OCLC, RLIN)
Topical term or geographic name as entry element FINANCE-PFI
942 ## - ADDED ENTRY ELEMENTS (KOHA)
Suppress in OPAC 0
Holdings
Withdrawn status Lost status Source of classification or shelving scheme Damaged status Not for loan Home library Current library Shelving location Date acquired Total Checkouts Full call number Barcode Date last seen Copy number Price effective from Koha item type
    Dewey Decimal Classification     London London News article 24/11/2004   WB4045-07 128108-1001 06/08/2019 1 06/08/2019 News article